| 000 | 00454nam a2200169 4500 | ||
|---|---|---|---|
| 003 | DO-SdBNP | ||
| 005 | 20161104085805.0 | ||
| 008 | 161104b1985 mx||||| |||| 00| 0 spa d | ||
| 020 | _a0531043622 | ||
| 040 |
_aBPMSU _bspa _cBPMSU |
||
| 100 | _aArdley, Neil | ||
| 245 |
_aCasas del mañana / _cNeil Ardley |
||
| 260 |
_aMéxico : _bCampaña Editorial Continental _c1981 |
||
| 300 |
_a34 p. : _bil. : _c29 cm |
||
| 942 |
_2ddc _cBK |
||
| 956 | _adgarcia | ||
| 999 |
_c11774 _d11774 |
||